• 首页
  • 本馆介绍
  • 公告通知
  • 最新文献
  • 馆藏检索
  • 电子资源
  • 读者导购
  • 参考咨询
  • 我的图书馆
  • 登录
  • 详细信息显示
  • 放入我的书架
  • 预约/预借图书
  • 作者相关作品
  • 分类相关作品
  • 丛书相关作品
  • 出版社相关作品

书目信息

  • 表格格式
  • 工作单格式
  • 卡片格式
题名:
爱聋实用手语
    
 
作者: 乔卫华 主编 ;山东省爱聋手语研究中心 编
分册: Ⅰ  
出版信息: 天津   天津教育出版社  2014.03
页数: 115页
开本: 24cm
丛书名:
单 册:
中图分类: H026.3
科图分类:
主题词: 手势语--教材 , 手势语
电子资源:
ISBN: 978-7-5309-7425-4
000 01147nam0 2200289 450
001 0108153912
005 20210322101535.86
010    @a978-7-5309-7425-4@dCNY36.00
100    @a20140819d2014 em y0chiy50 ea
101 0  @achi@aeng
102    @aCN@b120000
105    @aa z 000yy
106    @ar
200 1  @a爱聋实用手语@Aai long shi yong shou yu@dLove deaf practical sign language@hⅠ@hⅠ@f乔卫华主编@g山东省爱聋手语研究中心编@zeng
210    @a天津@c天津教育出版社@d2014.03
215    @a115页@c图@d24cm@e1光盘
300    @a爱聋实用手语培训教材
307    @a附光盘:ISBN 978-7-7900-0935-2
330    @a本书共有十课,每一课有一个主题,围绕主题设定了30个基本词,基本词是紧扣主题的最常用词汇,后面有相应的扩充词汇,在掌握了基本词汇和扩充词汇后,学习者就能针对一个主题用手语进行简单的交流。
510 1  @aLove deaf practical sign language@hⅠ@zeng
606 0  @a手势语@j教材
606 0  @a手势语
690    @aH026.3@v5
701  0 @a乔卫华@Aqiao wei hua@4主编@c(女)
712 02 @a山东省爱聋手语研究中心@Ashan dong sheng ai long shou yu yan jiu zhong xin@4编
801  0 @aCN@bBJSZM@c20210308
905    @b1272543-6@dH026.3@e529:1@f4
    
    爱聋实用手语=Love deaf practical sign language.Ⅰ.Ⅰ/乔卫华主编/山东省爱聋手语研究中心编.-天津:天津教育出版社,2014.03
    115页:图;24cm+1光盘
    爱聋实用手语培训教材
    
    ISBN 978-7-5309-7425-4:CNY36.00
    本书共有十课,每一课有一个主题,围绕主题设定了30个基本词,基本词是紧扣主题的最常用词汇,后面有相应的扩充词汇,在掌握了基本词汇和扩充词汇后,学习者就能针对一个主题用手语进行简单的交流。
●
相关链接 在E读中查询图书 在五车中查询图书 在当当中查询图书 在豆瓣中查询图书


正题名:爱聋实用手语     索取号:H026.3/529:1         预约/预借

序号 登录号 条形码 馆藏地/架位号 状态 备注
1 1272543   212725434   第二样本阅览室/ [索取号:H026.3/529:1] 在馆    
2 1272544   212725443   教育系资料室/ [索取号:H026.3/529:1] 在馆    
3 1272545   212725452   教育系资料室/ [索取号:H026.3/529:1] 在馆    
4 1272546   212725461   第四借阅区/ [索取号:H026.3/529:1] 在馆    
唐山师范学院图书馆 欢迎您!
大连网信软件有限公司© 版权所有